Sports Quiz

Random Sports or NFL Quiz
Score 0/84 Timer 10:00
0 Plays Today
Hint Answer % Correct
2010New York Jets
94.5%
2010Baltimore Ravens
92.2%
2010Indianapolis Colts
91.7%
2010New England Patriots
91.7%
2010Pittsburgh Steelers
91%
2010Green Bay Packers
90.6%
2010Kansas City Chiefs
90.3%
2010Philadelphia Eagles
89.6%
2010Seattle Seahawks
89.6%
2010New Orleans Saints
89.2%
2010Atlanta Falcons
88.7%
2010Chicago Bears
88%
2011New York Giants
87.1%
2011Atlanta Falcons
86.9%
2011New England Patriots
85.9%
2011Green Bay Packers
85.7%
2011Detroit Lions
85.5%
2011Pittsburgh Steelers
85.5%
2011Houston Texans
85.3%
2011New Orleans Saints
85%
2011Cincinnati Bengals
85%
2012Baltimore Ravens
84.8%
2011Denver Broncos
84.6%
2012New England Patriots
84.6%
2011Baltimore Ravens
84.3%
2012Green Bay Packers
84.3%
2012Indianapolis Colts
84.1%
2012Houston Texans
84.1%
Hint Answer % Correct
2012Minnesota Vikings
84.1%
2011San Francisco 49ers
83.9%
2012Seattle Seahawks
83.9%
2012Cincinnati Bengals
83.6%
2013Green Bay Packers
83.6%
2012Atlanta Falcons
83.2%
2012Denver Broncos
82.9%
2013Philadelphia Eagles
82.7%
2012San Francisco 49ers
82.5%
2013New Orleans Saints
82.3%
2012Washington Redskins
82%
2013San Francisco 49ers
82%
2013Kansas City Chiefs
82%
2013New England Patriots
82%
2013Indianapolis Colts
81.6%
2014Cincinnati Bengals
81.1%
2013Cincinnati Bengals
80.6%
2013Carolina Panthers
80.6%
2013San Diego Chargers
80.4%
2013Seattle Seahawks
80.4%
2014Baltimore Ravens
80.4%
2014Pittsburgh Steelers
80.4%
2013Denver Broncos
80%
2014Indianapolis Colts
80%
2014Detroit Lions
78.3%
2014Dallas Cowboys
77.2%
2015Houston Texans
76.7%
2015Pittsburgh Steelers
76.7%
Hint Answer % Correct
2014New England Patriots
76.3%
2015Kansas City Chiefs
75.8%
2015Green Bay Packers
75.8%
2014Arizona Cardinals
75.6%
2014Carolina Panthers
75.6%
2014Green Bay Packers
75.3%
2015Cincinnati Bengals
75.3%
2015New England Patriots
75.1%
2015Minnesota Vikings
74.9%
2015Seattle Seahawks
74.9%
2014Denver Broncos
74.7%
2015Carolina Panthers
74.7%
2014Seattle Seahawks
73.7%
2015Arizona Cardinals
73.7%
2015Washington Redskins
73.5%
2015Denver Broncos
72.8%
2016New England Patriots
71.9%
2016Pittsburgh Steelers
69.8%
2016Kansas City Chiefs
68.5%
2016Houston Texans
67.7%
2016Oakland Raiders
66.4%
2016Miami Dolphins
66.4%
2016Atlanta Falcons
66%
2016Dallas Cowboys
65.5%
2016Green Bay Packers
64.7%
2016Seattle Seahawks
64.3%
2016New York Giants
64.3%
2016Detroit Lions
63.8%
Remove Ads.
Support Sporcle.
Get the best of Sporcle when you Go Orange. This ad-free experience offers more features, more stats, and more fun while also helping to support Sporcle. Thank you for becoming a member.

You're not logged in!

Compare scores with friends on all Sporcle quizzes.
OR
Log In

Sporcle TV

Today on Sporcle TV


Watch our educational content, quiz creation guides, and fun videos on Sporcle TV.

Show Comments

Extras

Top Quizzes Today


Score Distribution

Paid Content

Your Account Isn't Verified!

In order to create a playlist on Sporcle, you need to verify the email address you used during registration. Go to your Sporcle Settings to finish the process.

Report this User

Report this user for behavior that violates our Community Guidelines.

Details: